Education and the Changing Economic . (Record no. 2768)

MARC details
000 -LEADER
fixed length control field 00557nam a22001937a 4500
003 - CONTROL NUMBER IDENTIFIER
control field OSt
005 - DATE AND TIME OF LATEST TRANSACTION
control field 20151130184204.0
008 - FIXED-LENGTH DATA ELEMENTS--GENERAL INFORMATION
fixed length control field 151130b xxu||||| |||| 00| 0 eng d
020 ## - INTERNATIONAL STANDARD BOOK NUMBER
International Standard Book Number 9781564032
040 ## - CATALOGING SOURCE
Transcribing agency DDC.
082 ## - DEWEY DECIMAL CLASSIFICATION NUMBER
Classification number 370UCH 1995.
100 ## - MAIN ENTRY--PERSONAL NAME
Personal name Patrick,Uchendu;
9 (RLIN) 6312
245 ## - TITLE STATEMENT
Title Education and the Changing Economic .
Remainder of title Role of Nigerian Women.
260 ## - PUBLICATION, DISTRIBUTION, ETC. (IMPRINT)
Place of publication, distribution, etc. Nigeria.
Name of publisher, distributor, etc. Forth Dimension Publishers.
Date of publication, distribution, etc. 1995.
300 ## - PHYSICAL DESCRIPTION
Extent xv,148p;
Other physical details ill:
Dimensions 23cm
504 ## - BIBLIOGRAPHY, ETC. NOTE
Bibliography, etc Bibliography and Index are included.
650 ## - SUBJECT ADDED ENTRY--TOPICAL TERM
Topical term or geographic name as entry element Education.
9 (RLIN) 1404
942 ## - ADDED ENTRY ELEMENTS (KOHA)
Source of classification or shelving scheme Dewey Decimal Classification
Koha item type Short Loan
Holdings
Withdrawn status Lost status Source of classification or shelving scheme Damaged status Not for loan Home library Current library Date acquired Source of acquisition Inventory number Total Checkouts Full call number Barcode Date last seen Price effective from Koha item type
    Dewey Decimal Classification     MUST Main Library MUST Main Library 30/11/2015   2000/14447   370UCH 1995. 2015-2875 30/11/2015 30/11/2015 Short Loan